| 000 | 01526cam a22003737a 4500 | ||
|---|---|---|---|
| 003 | CHAP | ||
| 005 | 20220329135659.0 | ||
| 008 | 971013d1995 mx r 00110 spa d | ||
| 010 | _a40478 | ||
| 011 | _a41450 | ||
| 035 | _a45576 | ||
| 040 | _cCHAP | ||
| 082 | 0 | 4 |
_a378.242 _bA58 |
| 100 | 0 | 0 |
_aAlvarado Lopez, Jorge. _94791 |
| 245 | 1 | 0 |
_aRedacción y preparación del artículo científico _c/por Jorge Alvarado López |
| 260 |
_aChapingo, Méx. : _bSociedad Mexicana de la Ciencia del Suelo, _c1995 |
||
| 300 |
_a150 p. : _bgráfs. |
||
| 490 | 0 |
_aPublicación especial _v; 2 |
|
| 590 |
_aBATCH-UPD _b10 _c20130110 _lUCH01 _h1251 |
||
| 590 |
_aBATCH-UPD _b10 _c20130410 _lUCH01 _h0813 |
||
| 590 |
_aBATCH-UPD _b10 _c20130914 _lUCH01 _h1946 |
||
| 590 |
_aCONVERSION _b10 _c20130109 _lUCH01 _h1322 |
||
| 650 | 1 | 4 |
_aTrabajos científicos _xElaboración. _9114562 |
| 830 | 0 |
_aPublicación especial _v; 2 _992760 |
|
| 901 | _aBK | ||
| 942 | _cLIBRO | ||
| 949 |
_a378.242 A58 _bBC _cLIBRO _d33724000001111 _eLIBRO _h88537 _i45576 _mD _si |
||
| 949 |
_a378.242 A58 _bBC _cLIBRO _d33724000001129 _eLIBRO _fc.2 _h88538 _i45576 _mD _si |
||
| 949 |
_a378.242 A58 _bBC _cLIBRO _d33724000599858 _eLIBRO _fc.6 _h93637 _i45576 _si |
||
| 949 |
_a378.242 A58 _bBC _cLIBRO _d33724000599874 _eLIBRO _fc.7 _h93638 _i45576 _si |
||
| 949 |
_a378.242 A58 _bBC _cLIBRO _d33724000613063 _eLIBRO _fc.4 _h90528 _i45576 _si |
||
| 949 |
_a378.242 A58 _bBC _cLIBRO _d33724000613071 _eLIBRO _fc.5 _h90529 _i45576 _si |
||
| 949 |
_a378.242 A58 _bBC _cLIBRO _d33724000613204 _eLIBRO _fc.3 _h90527 _i45576 _si |
||
| 999 |
_c40478 _d40478 |
||